01571nam a22002897a 45000010005000000030006000050050017000110080041000280200018000690400029000870500016001160820011001321000027001432450031001702500037002012600035002383000022002735050007002955200733003025210019010355210018010546500028010726500021011009420015011219990015011369520130011514489FISKH20240912093249.0240912b cb ||||| |||| 00| 0 eng d a9780439676953 aFISKHbengcFISKHdFISKH aPS3569.P546 2813.54 aSpinelli, Jerryd1941- aMilkweed /cJerry Spinelli aFirst paperback printing in 2005 aNew York :bScholastic,c2005. a210 pages :c20cm aL  aHe's a boy called Jew. Gypsy. Stopthief. Filthy son of Abraham. He's a boy who lives in the streets of Warsaw. He's a boy who steals food for himself, and the other orphans. He's a boy who believes in bread, and mothers, and angels. He's a boy who wants to be a Nazi, with tall, shiny jackboots of his own-until the day that suddenly makes him change his mind. And when the trains come to empty the Jews from the ghetto of the damned, he's a boy who realizes it's safest of all to be nobody. Newbery Medalist Jerry Spinelli takes us to one of the most devastating settings imaginable-Nazi-occupied Warsaw during World War II-and tells a tale of heartbreak, hope, and survival through the bright eyes of a young Holocaust orphan.8 a510L bLexile 8 aL bRaz-Plus  2FictionaWWIIvSurvival 2HistoryaOrphans 2ddccBKn0 c4489d4489 00102ddc40708FICa001b001cTTPd2024-09-12l0oSPI 813.54 PS3569.P546p2024-1920r2024-09-12 09:32:43t1w2024-09-12yBK